[Event "RUS-ch 53rd"]
[Site "Samara"]
[Date "2000.06.17"]
[Round "1"]
[White "Yakovich, Yuri"]
[Black "Smikovski, Ivan"]
[Result "0-1"]
[WhiteElo "2580"]
[BlackElo "2492"]
[Annotator "Krasenkow,M"]
[PlyCount "62"]
[EventDate "2000.06.03"]
[EventType "swiss"]
[EventRounds "11"]
[EventCountry "RUS"]
[SourceTitle "CBM 078"]
[Source "ChessBase"]
[SourceDate "2000.10.18"]
[SourceVersion "1"]
[SourceVersionDate "2000.10.18"]
[SourceQuality "1"]

1. d4 Nf6 2. c4 g6 3. Nc3 d5 4. Qb3 {A very old, quite harmless line, recently
picked up by GM Y.Yakovich.} dxc4 5. Qxc4 Bg7 6. e4 O-O 7. Be2 Nfd7 (7... Na6
8. Be3 c5 9. dxc5 $1 {Comparing to the line often played by GM R.Kempinski (4.
Nf3 Bg7 5.Qb3 dxc4 6.Qxc4 0-0 7.e4 Na6 8.Be3 c5 9.dxc5) Black can't push
White's bishop with 9...Ng4. Still, after} Be6 10. Qb5 Rc8 {White didn't find
anything better than} 11. Nf3 {and after} Ng4 12. Rd1 Qc7 13. Bd4 Nxc5 14. Bxg7
Kxg7 15. O-O Rfd8 {the game equalized:} 16. h3 Nf6 17. e5 Nd5 18. Nxd5 Rxd5 19.
Rxd5 Bxd5 20. b4 Bxf3 21. Bxf3 Ne6 22. Rd1 {Yakovich,Y-Elsness,F/Open 2000/1/
2-1/2 (47)}) 8. Be3 (8. Nf3 Nb6 (8... b6 $6 9. Bf4 c6 10. Qb3 Ba6 11. O-O Qc8
12. Rac1 Qb7 13. Rfe1 Bxe2 14. Rxe2 Na6 15. e5 Nc7 16. Ng5 Nb8 17. e6 f6 18.
Nge4 Nba6 19. Bxc7 Nxc7 20. Nc5 Qc8 21. Nd7 Re8 22. d5 cxd5 {Sichov-Asafov/
corr 1966/1-0 (48)}) 9. Qd3 Bg4 {leads to a position from D99 with a premature
Be2}) 8... Nb6 9. Qc5 f5 {[%cal Rf5f4]} 10. Rd1 N8d7 11. Qa3 fxe4 12. Qb3+ Kh8
13. Nxe4 Nf6 14. Nxf6 exf6 15. d5 {White has gained space but is behind in
development.} Bd7 {[%cal Rd7a4]} 16. Rd2 c6 {Conquering the d5 point.} 17. dxc6
bxc6 18. Nf3 Nd5 19. Bc5 (19. O-O $5 Re8 20. Rfd1) 19... Re8 20. O-O Qa5 21.
Qc4 Bh6 22. b4 Qc7 23. Rd4 Be6 24. Qc2 Nf4 (24... a5 $5) 25. Bc4 Bxc4 26. Rxc4
Re2 27. Qd1 Rd8 28. Rd4 Ree8 29. Bd6 Qb6 30. Be7 $4 {A typical blunder in an
attempt to obtain a non-existing advantage.} (30. Bxf4 $11) (30. Bc5 $11 Rxd4
$6 31. Nxd4 Qa6 32. Qf3 {[%cal Rf3c6,Yf3f6]}) 30... Qxd4 $1 31. Bxd8 $4 {
Just losing a piece but after} (31. Nxd4 Rxe7 32. Qc2 Rxd4 33. Qxc6 Kg7 {
Black is winning anyway}) 31... Qxd8 0-1

[Event "Noyabrsk Fakel Jamala"]
[Site "Noyabrsk"]
[Date "2003.11.22"]
[Round "5"]
[White "Yakovich, Yuri"]
[Black "Kovchan, Alexander"]
[Result "1-0"]
[WhiteElo "2573"]
[BlackElo "2561"]
[Annotator "Krasenkow,M"]
[PlyCount "103"]
[EventDate "2003.11.18"]
[EventType "tourn"]
[EventRounds "11"]
[EventCountry "RUS"]
[EventCategory "10"]
[SourceTitle "CBM 099"]
[Source "ChessBase"]
[SourceDate "2004.03.30"]
[SourceVersion "1"]
[SourceVersionDate "2004.03.30"]
[SourceQuality "1"]

1. d4 Nf6 2. c4 g6 3. Nc3 d5 4. Qb3 dxc4 5. Qxc4 Bg7 6. e4 O-O 7. Be2 {About
this line - see CBM78, annotations to Yakovich-Smikovski.} a6 {A new idea.} (
7... Nfd7 {is the most common move:} 8. Be3 Nb6 9. Qc5 f5 (9... e5 10. Nf3 $1 (
10. d5 Re8 $1 (10... f5 11. O-O-O N8d7 12. Qa5 fxe4 13. Nxe4 Nf6 14. Bg5 Bf5
$13 {1-0 Zakharchenko,A-Demkovich,A/Kiev 1998/EXT 2000 (17)}) 11. Rd1 Bf8 12.
Qa5 Bd7 13. Nf3 Nc4 $1 14. Bxc4 b6 $17 {1/2-1/2 Avrukh,B-Gustafsson,J/
Amsterdam 2001/CBM 83 ext (18)}) 10... exd4 11. Bxd4 N8d7 12. Qa5 Bxd4 13. Nxd4
Qf6 14. Rd1 Qe5 15. Qxe5 Nxe5 16. f4 Nec4 17. Bxc4 Nxc4 18. b3 Ne3 19. Rd2 $14
{1/2-1/2 Yakovich,Y-Ernst,T/Gothenburg 2002/EXT 2003 (83)}) 10. Rd1 N8d7 11.
Qa3 fxe4 12. Qb3+ Kh8 13. Nxe4 Nf6 14. Nxf6 exf6 15. d5 Bd7 16. Rd2 c6 $132 {
0-1 Yakovich,Y-Smikovski,I/Samara 2000/CBM 78/[Krasenkow] (31)}) (7... Na6 $5)
8. Bf4 b5 9. Qxc7 b4 $2 {This is wrong.} (9... Qxd4 $142 {Still, after} 10. Rd1
(10. Nf3 Qd7 $11) 10... Qb4 11. Rd2 Nbd7 ({but not} 11... Nxe4 $2 12. a3) 12.
Be3 $1 (12. Nf3 Qc5) 12... Rb8 13. a3 Qb3 14. Nf3 {White maintains some
initiative.}) 10. Qxd8 Rxd8 11. Na4 $16 {[%cal Ra4b6] This is the point! Black
has no time to capture on e4.} Nc6 12. d5 Nd4 13. Bd3 Bd7 14. Nb6 Bb5 {This
tactical trick doesn't help Black.} 15. Rd1 (15. Bxb5 $143 axb5 {[%cal Ga8a2]})
15... Rab8 $6 {If Black wanted to sacrifice an exchange, the better version was
} (15... Bxd3 16. Rxd3 Nxe4 17. Nxa8 Rxa8 $16) (15... Ra7 $5 16. Bxb5 Nxb5 17.
f3 Nh5 18. Be3 $1 $16 Bxb2 $140 $2 19. Na4) 16. Bxb8 Rxb8 17. Bxb5 Nxb5 18. Na4
Nxe4 19. Nf3 Rd8 20. O-O Nf6 (20... Nc7 21. Rfe1 f5 22. Nd4 $18) 21. Rfe1 {
The simplest course: White gives up a pawn but swaps a pair of rooks. Another
possibility was} (21. Ne5 {and Black doesn't recapture the pawn:} Nxd5 22. Nb6
$1 (22. Nc6 $143 Rd6) 22... Bxe5 (22... e6 23. Nc6 Rd6 24. Nxd5 exd5 25. Nxb4)
23. Nxd5 Nd4 24. Nxb4 $18) 21... Rxd5 22. Rxd5 Nxd5 23. Rc1 $18 Nbc7 24. Ne1
Bd4 25. Rc4 Ba7 26. Nd3 a5 27. Nf4 (27. Ne5 $18 {[%cal Ye5c6]}) 27... Kg7 28.
Nxd5 Nxd5 29. Rc6 Bd4 30. Ra6 Nf4 31. Rxa5 Nd3 32. Rd5 e5 33. Kf1 Kf6 34. f3
Ke6 35. Rb5 f5 36. a3 bxa3 37. bxa3 e4 38. fxe4 fxe4 39. Nb6 e3 40. Nd5 Nc5 41.
Nf4+ Kd6 42. Ke2 g5 43. Nd3 Ne4 44. Rb7 h5 45. Ne1 Bc5 46. Nc2 Nc3+ 47. Kd3 Nd5
48. g3 Ke6 49. Rb8 h4 50. Re8+ Kf5 51. a4 h3 52. Nxe3+ 1-0

[Event "POL-ch"]
[Site "Warsaw"]
[Date "2004.04.29"]
[Round "6"]
[White "Miton, Kamil"]
[Black "Krasenkow, Michal"]
[Result "1/2-1/2"]
[WhiteElo "2563"]
[BlackElo "2609"]
[Annotator "Krasenkow,M"]
[PlyCount "48"]
[EventDate "2004.04.24"]
[EventType "tourn"]
[EventRounds "13"]
[EventCountry "POL"]
[EventCategory "12"]
[SourceTitle "CBM 101"]
[Source "ChessBase"]
[SourceDate "2004.07.27"]
[SourceVersion "1"]
[SourceVersionDate "2004.07.27"]
[SourceQuality "1"]

1. d4 Nf6 2. c4 g6 3. Nc3 d5 4. Qb3 dxc4 5. Qxc4 Bg7 6. e4 O-O 7. Be2 {About
this line - see CBM78, annots to Yakovich-Smikovski.} Nfd7 8. Be3 Nb6 9. Qc5 e5
{A logical plan.} 10. Nf3 (10. d5 {is harmless:} Re8 (10... f5 11. O-O-O N8d7
12. Qa5 fxe4 13. Nxe4 Nf6 14. Bg5 Bf5 15. Nc3 $13 Ne4 $4 16. Bxd8 Bh6+ 17. Kb1
Nxc3+ {1-0 Zakharchenko,A-Demkovich,A/Kiev 1998/EXT 2000 (17)}) 11. Rd1 Bf8 12.
Qa5 Bd7 13. Nf3 $6 (13. b4 $13) 13... Nc4 $1 14. Bxc4 b6 15. Bg5 Qc8 16. Qb5
Bxb5 17. Bxb5 Be7 18. Bxe8 Qxe8 $15 {1/2-1/2 Avrukh,B-Gustafsson,J/Amsterdam
2001/CBM 83 ext (18)}) 10... exd4 11. Bxd4 {White relies on his space
advantage.} Bg4 $5 $146 (11... N8d7 12. Qa5 Bxd4 13. Nxd4 Qf6 14. Rd1 Qe5 15.
Qxe5 Nxe5 16. f4 Nec4 17. Bxc4 Nxc4 18. b3 Ne3 19. Rd2 $14 {1/2-1/2 Yakovich,
Y-Ernst,T/Gothenburg 2002/EXT 2003 (83)}) 12. Bxg7 Kxg7 13. Rd1 N8d7 14. Qd4+
Kg8 (14... Qf6 $2 15. e5 $18) (14... f6 $2 15. Ng5 $1) 15. e5 Bxf3 16. Bxf3 c6
({Black avoids opening up the position for the white bishop, e.g.} 16... Re8
17. Bxb7 Nxe5 18. O-O Qxd4 19. Rxd4 Rab8 20. Ba6 c5 $14) ({or} 16... Qe7 17.
Bxb7 Rad8 $5 {Miton} 18. Qe3 (18. O-O $2 Nc5 19. Qb4 a5 $1) 18... Qxe5 (18...
Nc5 $6 19. Bd5) (18... Nc4 19. Nd5) 19. Qxe5 Nxe5 20. O-O $14) 17. Bg4 f5 (
17... Qe7 18. Bxd7 Rad8 19. Ne4 Nxd7 20. f4 {[%csl Rd6,Rf6]} f6 21. Qd6 $1 {
didn't guarantee Black full equality.}) 18. Be2 ({After} 18. exf6 Qxf6 $5 19.
Qxf6 Nxf6 {Black has no serious problems.}) 18... Qe7 19. f4 Nc5 (19... Rfd8 $5
20. O-O Nf8 21. Qe3 Qb4 22. g4 $5) 20. O-O Rfd8 21. Qe3 (21. Qb4 Kf8 $11) 21...
Ne6 22. a3 Rxd1 23. Rxd1 Rd8 24. g3 Kf8 $11 {Black has set up a good blockade
but the white passed e5 pawn restricts his active possibilities.} 1/2-1/2

[Event "EU-ch 8th"]
[Site "Dresden"]
[Date "2007.04.14"]
[Round "11"]
[White "Sakaev, Konstantin"]
[Black "Ftacnik, Lubomir"]
[Result "1-0"]
[WhiteElo "2633"]
[BlackElo "2573"]
[Annotator "Krasenkow,M"]
[PlyCount "107"]
[EventDate "2007.04.03"]
[EventType "swiss"]
[EventRounds "11"]
[EventCountry "GER"]
[SourceTitle "CBM 118"]
[Source "ChessBase"]
[SourceDate "2007.05.31"]
[SourceVersion "1"]
[SourceVersionDate "2007.05.31"]
[SourceQuality "1"]

1. d4 Nf6 2. c4 g6 3. Nc3 d5 4. Qb3 dxc4 5. Qxc4 Bg7 6. e4 O-O 7. Be2 Nfd7 8.
Be3 Nb6 9. Qc5 e5 10. Nf3 exd4 11. Bxd4 {This system was examined in CBM 78
and CBM 101 (annotations to Miton-Krasenkow). White wants to achieve a quiet
position with a small edge.} Bxd4 (11... Bg4 {was played in the
above-mentioned game:} 12. Bxg7 Kxg7 13. Rd1 N8d7 14. Qd4+ Kg8 15. e5 Bxf3 16.
Bxf3 c6 17. Bg4 f5 18. Be2 Qe7 19. f4 Nc5 20. O-O Rfd8 21. Qe3 Ne6 22. a3 Rxd1
23. Rxd1 Rd8 24. g3 Kf8 {1/2-1/2 Miton,K-Krasenkow,M/Warsaw 2004/CBM 101}) {
The text move doesn't solve the problem of Black's light-squared bishop.} 12.
Nxd4 N8d7 13. Qa5 Qe7 (13... Qf6 14. Rd1 Qe5 15. Qxe5 Nxe5 16. f4 Nec4 17. Bxc4
Nxc4 18. b3 Ne3 19. Rd2 Rd8 20. Ndb5 $14 {1/2-1/2 Yakovich,Y-Ernst,T/
Gothenburg 2002/EXT 2003 (83)}) 14. O-O Rd8 15. Rad1 Ne5 16. Nb3 Re8 17. Qc5
Qxc5 18. Nxc5 c6 19. Rd4 {[%mdl 32]} Ned7 20. Nb3 $1 {No exchanges when your
opponent is constricted!} a5 21. a3 (21. a4 $5) 21... Kf8 (21... a4 $5 22. Nd2
Nc5 {[%cal Yc8e6]} 23. Rb4 $1 Nbd7 24. f4 b5 $14) 22. f4 f6 23. h4 Ke7 24. g4
h6 25. Kf2 g5 26. f5 $1 {Great! Lasker would be happy to shake hands with his
follower. White gives up the e5 square but further restricts Black's pieces,
especially his poor c8 bishop.} (26. hxg5 hxg5 27. fxg5 fxg5 28. Rh1 a4 29. Nd2
Ne5 {was certainly less convincing.}) 26... Ne5 $6 {With this (and the
following) move Black surrenders the key h-file to the white rook. Its
invasion will be decisive.} ({Perhaps} 26... gxh4 {was a better option:} 27.
Rh1 a4 28. Nc1 Rh8 29. Rxh4 Ra5 {[%cal Yd7e5] although the h6 pawn is quite
weak.}) 27. hxg5 hxg5 $6 (27... fxg5 $142 {although now Black should
additionally reckon with White's passed f5 pawn.}) 28. Rh1 Rf8 29. Nc5 Nbd7 $6
{Desperation. But the invasion to the 8th rank was inevitable anyway and it
was hardly possible to organize a stubborn defense:} (29... Rf7 30. Bd1 $1 ({
even better than} 30. Rh8 Rf8 31. Rxf8 Kxf8 32. Rd8+ Ke7 33. Rh8 Kd6 34. N3a4
Nxa4 35. Nxa4 Nd7 36. Re8 Rb8 37. e5+ $1 Nxe5 38. Nc3 Kc7 39. Ne4 Bxf5 $5 40.
Rxe5 $1 fxe5 41. gxf5 $16) 30... Nbd7 31. Ne6 Nf8 32. Nxf8 Rxf8 33. Bb3 $1
Nxg4+ 34. Kg3 Ne5 35. Rh7+ Ke8 36. Na4 $18) 30. Ne6 Rf7 31. Rh8 Rb8 32. Kg3 b5
$2 (32... b6 {was relatively better but hopeless enough:} 33. b3 $22 Ba6 34.
Rxb8 Nxb8 35. Rd8 Bxe2 36. Rxb8 Bxg4 37. Rxb6 $18) 33. b4 $6 ({Missing} 33.
Bxb5 $1 cxb5 34. Nd5+ Kd6 35. Nxf6+ Kc6 (35... Ke7 36. Nd5+ Kd6 37. Nb6+) 36.
Nd8+ Kc7 37. Nxf7 Nxf7 38. Nxd7 $18 {but not missing the win, of course.})
33... axb4 34. axb4 Ba6 35. Rxb8 Nxb8 36. Rd8 Nbd7 37. Ra8 Bb7 38. Ra7 Bc8 39.
Rc7 Ba6 40. Ra7 Bc8 41. Rc7 Ba6 42. Nc5 {Wasn't it better to play 11...Bg4
after all?} Rf8 43. Nxd7 Nxd7 44. Rxc6 Bb7 45. Nd5+ Kd8 46. Re6 Bxd5 47. exd5
Kc7 48. Bxb5 Rb8 49. Bxd7 Kxd7 50. Rxf6 Rxb4 51. Rg6 Rb3+ 52. Kf2 Rb2+ 53. Ke3
Rb3+ 54. Ke4 1-0

[Event "Dortmund SuperGM 41st"]
[Site "Dortmund"]
[Date "2013.07.26"]
[Round "1"]
[White "Meier, Georg"]
[Black "Naiditsch, Arkadij"]
[Result "1-0"]
[WhiteElo "2610"]
[BlackElo "2710"]
[Annotator "Meier,Georg"]
[PlyCount "105"]
[EventDate "2013.07.26"]
[EventType "tourn"]
[EventRounds "9"]
[EventCountry "GER"]
[EventCategory "19"]
[SourceTitle "CBM 156"]
[Source "ChessBase"]
[SourceDate "2013.09.17"]
[SourceVersion "1"]
[SourceVersionDate "2013.09.17"]
[SourceQuality "1"]

{Ich war nicht unbedingt schlecht vorbereitet auf dieses Turnier. Ich hatte
schließlich viel Zeit und Energie in die Stabilisierung meiner
Schwarzeröffnungen gesteckt, was sich teils auszahlte. Aber mein "Aufschlag"
erwies sich schon als zu ausgeleiert für Dortmund. Die Varianten, die ich
immer wieder anwende, wurden gar zur Zielscheibe! Ich stand in keiner meiner
Weißpartien wirklich besser nach der Eröffnung oder geriet gleich unter Druck.
Zeit in Zukunft ein paar neue Sachen zu probieren...!} 1. d4 Nf6 2. c4 g6 3.
Nc3 d5 4. Qb3 {Dortmund 2013 bedeutet vielleicht das Ende für dieses System.} (
{Wenn, dann} 4. Nf3 Bg7 5. Qb3 dxc4 6. Qxc4 Be6 $2 7. Qb5+ Bd7 8. Qxb7 Nc6 9.
e4) 4... dxc4 5. Qxc4 Be6 $1 {Hier wird man sich von nun an die Zähne
ausbeißen.} 6. Qb5+ (6. Qa4+ Bd7 7. Qc2 c5) (6. Qd3 c5) 6... Bd7 7. Qb3 (7.
Qxb7 $2 {verbietet sich} Nc6 8. e3 Rb8 9. Qa6 Nb4 10. Qe2 c5) (7. Qd3 c5 8. d5
Bg7 9. e4 O-O 10. e5 (10. Nf3 e6) 10... Bf5 $1 $146 (10... Ng4 11. f4 Na6 12.
Qd1 Nh6 13. Nf3 Nf5 $13 {0-1 (53) So,W (2677)-Vachier Lagrave,M (2705) Saint
Louis 2012}) 11. exf6 Bxd3 12. fxg7 Re8 $1 13. Bxd3 e6) 7... c5 8. dxc5 ({
Brachland ist nach wie vor} 8. d5 {Bei der Autogrammstunde waren meine
Nachbarn unterschiedlicher Meinung über diese Alternative. Laut Arkadij
"Haupt-", nach Leko ein "schlechter Zug".}) 8... Bc6 $146 {Eine spielbare
Neuerung, die Weiß aber geradezu in ein sehr sicheres Endspiel drängt.} ({
In meiner nächsten Weißpartie griff Leko zu dem deutlich ambitionierteren} 8...
Bg7 9. e4 O-O $1 $146 (9... Nc6 10. Nf3 Qa5 11. Bc4 O-O 12. O-O Qxc5 13. Be3
Qh5 14. Be2 $14 {1/2-1/2 (34) Carlsen,M-Ivanchuk,V Linares 2009}) 10. f3 (10.
Nf3 Qa5) 10... Qc7 11. Be3 Nc6 12. Nge2 Rfd8 $44 {1/2-1/2 (41) Meier,G (2610)
-Leko,P (2737) Dortmund 2013}) 9. Nf3 Nbd7 10. Nd4 Nxc5 11. Qc4 Qb6 12. Nxc6
Qxc6 13. b4 (13. Qb5 $5 Qxb5 14. Nxb5 Nd5 15. g3 a6 16. Bg2 axb5 17. Bxd5 e6
18. Bf3 Ra4 $1 $11 (18... Nb3 $2 19. Bxb7)) 13... Ncd7 14. Qxc6 bxc6 15. e3 {
Es ist nun an Schwarz schnell zu agieren, um seine Schwächen am Damenflügel zu
dezimieren und die Stellung auszugleichen. Jedes Abwarten erlaubt Weiß die
Konsolidierung seiner strategischen Vorteile in Form der Bauernstruktur und
des Läuferpaars.} e6 16. a3 $1 (16. Rb1 a5 17. b5 $140 $6 Bb4) 16... Bg7 17.
Rb1 Nb6 $2 {Ein grober strategischer Fehler, der es mir erlaubte den schwachen
schwarzen Damenflügel zu fixieren.} (17... a5 $1 18. b5 cxb5 (18... Nd5 $5 19.
Nxd5 cxd5) 19. Nxb5 O-O 20. Be2 Nc5 $11) 18. Ba6 $1 Rb8 19. Bd2 Nfd5 20. Nxd5 (
20. Rc1 Nxc3 21. Bxc3 Bxc3+ 22. Rxc3 $16 {kam durchaus in Betracht und
erscheint mir mittlerweile noch stärker als der Text.}) 20... cxd5 $6 ({
Ich rechnete mit} 20... Nxd5 21. Ke2 Rb6 22. Bd3 Nc3+ 23. Bxc3 Bxc3 24. Be4 {
wonach Schwarz noch einige Verteidigungsarbeit leisten müsste.}) 21. Ke2 {
Typisch für mich, nach längerer Spielpause verbrauchte ich in dieser ersten
Runde viel zu viel Zeit und begann nun, die scheinbar offensichtlichen Züge
schnell auszuführen, um eine allzu große Zeitnot zu vermeiden. Tatsächlich
vernachlässigte ich hier die Regel Nr. 1 bei strategischem Vorteil:
Möglichkeiten zu Gegenspiel im Auge behalten und verhindern!} (21. Rc1 $142 $1
$16 d4 $2 22. e4) 21... Kd7 $2 {Geht an der letzten Chance vorbei den Springer
zu aktivieren.} (21... d4 $142 $1 22. Rhc1 (22. Rbc1 Nd5 23. Bc4) 22... Nd5 23.
Rb3 O-O 24. Rc5 $14) 22. Rhc1 $16 Na4 $2 ({Mit} 22... Na8 $1 23. Rc2 Nc7 {
war der Störenfried letztmalig zu vertreiben.}) 23. Rc2 {Nun beginnt das Spiel
auf ein Tor über die c-Linie - in Überzahl.} Rb6 $2 (23... Be5 $142) 24. b5 $18
({Selbst} 24. Rbc1 Rxa6 25. Rc7+ Ke8 26. b5 Rd6 27. Rxa7 Nb6 28. Ra6 {/\Bb4
gewinnt bereits.}) 24... Rhb8 25. Rbc1 Be5 26. f4 Bd6 27. Bb4 Ke8 (27... d4 28.
exd4 Bxb4 29. axb4 Rd6 30. Rc7+ Ke8 31. Rxa7 Rxd4 32. Bb7 Kf8 33. Rc7 $18 {
hatte ich als Einziges berechnet.}) 28. Rc7 $1 (28. Ba5 $18 {war mir zu
kleinlich.}) 28... Bxb4 29. axb4 Nb2 30. R1c6 (30. Rxa7 Nc4 31. e4 $18) 30...
Nc4 31. Rxa7 Nd6 32. Rcc7 $2 {Ich machte meine Züge in Zeitnot impulsiv, bis
dieser fürchterliche Schablonenzug dabei herauskam. Weiß droht NICHTS auf der
7. Reihe. Der Sieg war dabei nur noch 3 Züge bzw. 1 Minute ruhiges Nachdenken
entfernt...} (32. Kd3 Kf8 33. Rxb6 Rxb6 34. Kd4 {und Schwarz kann aufgeben.})
32... h5 $1 {...verhindert die Einschnürung durch g4-g5, und da ich vom
rechten Weg abgekommen war, konnte ich nun keinen guten Weg mehr sehen...} 33.
g3 (33. Rc6 $142) 33... Kf8 34. h3 Kg7 35. Kd3 Kf6 36. g4 g5 $6 {Spielte
Arkadij etwa auf meine Zeitnot?} (36... hxg4 37. hxg4 g5 $11) 37. gxh5 gxf4 38.
exf4 Kg7 39. Kc3 Kh6 40. Rc6 {Es hat lange gedauert, bis mir die richtige Idee
wieder einfiel. Immerhin gab ich dadurch meinem Gegner bei seinerseits
hängendem Blättchen nochmal Probleme zu lösen.} Nxb5+ $4 {Panik} (40... Kxh5
41. Rxb6 Rxb6 42. Kd4 Rxb5 $1 {musste mit den verbliebenen Sekunden bei Zug 40
gefunden werden.} (42... Nxb5+ 43. Kc5 $18) 43. Ra8 Rxb4+ 44. Kc5 Rxf4 45. Kxd6
Kh4) 41. Bxb5 Rxb5 42. Rxf7 Kxh5 (42... d4+ 43. Kd3 R5b6 44. Rxb6 Rxb6 45. Kc4
Rd6 46. Rf6+ Kxh5 47. f5 Kg5 48. Rxe6 Rd8 49. Kd3 Kxf5 50. Re4 $18) 43. Rxe6 {
Ich hatte wieder alle Sinne beisammen und eine Stunde auf der Uhr. Jetzt
konnte nichts mehr schief gehen.} Kh4 44. Rg7 Rh8 45. Rd6 Rh5 (45... Kxh3 46.
Rg5) 46. Rg5 $1 Rxg5 47. fxg5 Kxg5 48. Kb3 Kf5 49. Ka4 Rb8 50. Rxd5+ Ke6 51.
Rd3 Ra8+ 52. Kb3 Rb8 53. h4 {Ein nervöser Auftakt, der mich wieder erinnerte,
wie schön es ist, mit Weiß ein solches Rundenturnier zu beginnen. Letztes Jahr
gewann ich auch die Auftaktpartie, während ich in Baden-Baden die erste Runde
als Schwarzer ähnlich schlecht wie meine eigenen Opfer aussah...} 1-0